Les drapeaux en Formule 1 - Statistiques

Statistiques générales
  • Ce quiz a été pris 97 fois
  • Le résultat moyen est 7 sur 9
Statistiques - réponses
Signification Couleur % Correct
Le pilote retardataire doit laisser passer Drapeau bleu
100%
Interruption de session Drapeau rouge
100%
Disqualification d'un pilote Drapeau noir
99%
Piste libre, début de session ou reprise de session Drapeau vert
96%
Ralentir et interdiction de dépasser Drapeau jaune
93%
Fin de session Drapeau à damier
89%
Avertissement pour conduite antisportive Drapeau noir et blanc
59%
Problème mécanique dangereux Drapeau noir et orange
27%
Changement d'adhérence de la piste Drapeau rouge et jaune
24%
Aucun quiz correspondant
Distribution des résultats
% des personnes avec chaque résultat
Percentile par nombre de réponses
Votre historique - résultats
Vous n’avez pas pris ce quiz